An introduction to manifolds

Αποθηκεύτηκε σε:
Λεπτομέρειες βιβλιογραφικής εγγραφής
Κύριος συγγραφέας: Tu, Loring W.
Μορφή: Βιβλίο
Γλώσσα:English
Δημοσίευση: New York : Springer, c2011
Έκδοση:2η εκδ.
Σειρά:Universitext
Θέματα:
Ετικέτες: Προσθήκη ετικέτας
Δεν υπάρχουν, Καταχωρήστε ετικέτα πρώτοι!

MARC

LEADER 00000nam a2200000 i 4500
001 1/39584
008 131219s2011 eng d
020 |a 978-1-4419-7399-3 
035 |l 10116229 
040 |a GR-MY-UA  |b gre  |e aacr 
041 0 |a eng 
082 0 |a 516.07  |2 (22) 
100 1 |a Tu, Loring W. 
245 1 3 |a An introduction to manifolds /  |c Loring W. Tu 
250 |a 2η εκδ. 
260 |a New York :   |b Springer,   |c c2011 
300 |a xviii, 410 σ.;  |b εικ.;  |c 23 εκ. 
490 1 |a Universitext 
504 |a Βιβλιογραφία: σ.[395]-396. Ευρετήριο 
650 0 0 |a Manifolds (Mathematics) 
830 0 |a Universitext 
852 |a INST  |b SAMOS  |e 20131219  |h 516.07 TUL  |p 005300036240  |q 005300036240  |t BK  |y 0 
901 |a BIBL3-2013-3 
909 |a Σ  |b 184434 
922 |a 3ΕΛΗ  |b 201311  |c ΤΜΗΜΑ ΜΑΘΗΜΑΤΙΚΩΝ/ΜΕΤΑΠΤΥΧΙΑΚΟ  |d ΔΙΑΔΡΟΜΕΣ/ΔΡΕΣ 
970 |a ΚΟΣΙΕΡΗΣ  |b ΧΡΗΣΤΟΣ  |z 2013/12/19